U.S. States with the Highest Alphabet Score - Statistics

General Stats
  • This quiz has been taken 15 times
  • The average score is 4 of 11
Answer Stats
Score State % Correct
13.8 Texas
62%
13.0 West Virginia
54%
13.8 Kentucky
46%
15.9 New York
46%
15.3 Vermont
46%
13.9 Wisconsin
38%
15.1 Wyoming
38%
14.3 Mississippi
31%
15.4 Missouri
23%
13.0 Washington
23%
13.8 New Jersey
15%
No matching quizzes found
Score Distribution
Percent of People with Each Score
Percentile by Number Answered
Your Score History
You have not taken this quiz